| 000 -LEADER |
| fixed length control field |
01028nam a2200217Ia 4500 |
| 001 - CONTROL NUMBER |
| control field |
15057 |
| 003 - CONTROL NUMBER IDENTIFIER |
| control field |
GE_BSU |
| 008 - FIXED-LENGTH DATA ELEMENTS--GENERAL INFORMATION |
| fixed length control field |
181216s||||||||xx |||||||||||||| ||und|| |
| 020 ## - INTERNATIONAL STANDARD BOOK NUMBER |
| International Standard Book Number |
99940-23-57-8 |
| 040 ## - CATALOGING SOURCE |
| Transcribing agency |
GE_BSU |
| 080 ## - UNIVERSAL DECIMAL CLASSIFICATION NUMBER |
| Universal Decimal Classification number |
32(100) + 338(100) + 172 + 2-1 |
| 100 ## - MAIN ENTRY--PERSONAL NAME |
| Personal name |
კიუნგი,ჰანს |
| 245 ## - TITLE STATEMENT |
| Title |
მსოფლიო ზნეობა მსოფლიო პოლიტიკისა და მსოფლიო ეკონომიკისათვის = Weltethos fur Weltpolitik und Weltwirstschaft |
| 245 ## - TITLE STATEMENT |
| Statement of responsibility, etc. |
გერმ. თარგმნა ზურაბ აბაშიძემ ; რედ. ანა ჭაბაშვილი |
| 260 ## - PUBLICATION, DISTRIBUTION, ETC. |
| Place of publication, distribution, etc. |
თბილისი |
| 260 ## - PUBLICATION, DISTRIBUTION, ETC. |
| Name of publisher, distributor, etc. |
ენა და კულტურა |
| 260 ## - PUBLICATION, DISTRIBUTION, ETC. |
| Date of publication, distribution, etc. |
2005 |
| 300 ## - PHYSICAL DESCRIPTION |
| Extent |
383 გვ;20 სმ |
| 653 ## - INDEX TERM--UNCONTROLLED |
| Uncontrolled term |
მსოფლიო პოლიტიკა; მსოფლიო ეკონომიკა; ზნეობა; რელიგიის ფილოსოფია |
| 942 ## - ADDED ENTRY ELEMENTS (KOHA) |
| Koha item type |
წიგნი |